000
00297nam a22001337a 4500
008
171227b xxu||||| |||| 00| 0 eng d
020
_a
9780155081369
041
_a
eng
080
_2
5 ED
_a
37
100
_a
40
101
_a
EDU
245
_a
THE WRITERS WORKPLACCE
_c
JOHN.S
942
_2
udc
_c
BK
999
_c
39472
_d
39472